000 00404ntaaa2200169 4500
003 01
005 20251027201914.0
008 0714s1973 ag 01
040 _aAR-BaBN
_bspa
_cAR-BaBN
_eaacr
_dRIC
082 _a244.1000 St8
100 _aStretton, Hesba
245 _aCarlota y la madre de Carlota
250 _a1 ed. :
_bEditorial Moody,
_cn.f.
300 _a128 p.
650 _aNiƱos
942 _cBK
999 _c13769
_d13769